000 00499nam a22001577a 4500
020 _a978-81-8481-791-1
082 _a530
_bOSW/P
100 _aOSWAAL
245 _aPHYSICS-XII-CBSE QUESTION BANK CHAPERWISE SOLUTIONS
246 _aPHYSICS-XII-CBSE QUESTION BANK CHAPERWISE SOLUTIONS
_bPHYSICS-XII-CBSE QUESTION BANK CHAPERWISE SOLUTIONS
260 _aAGRA, INDIA
_bOSWAAL
_c2013
300 _a252
520 _aPHYSICS-XII-CBSE QUESTION BANK CHAPERWISE SOLUTIONS
650 _aPHYSICS
942 _cBK
999 _c8545
_d8545